LDR 00524naa#a2200157#i#450# 001 EN\\bibl\123043 005 20260513052732.3 011 ## _a2782-1927 100 ## _a20260330b2026####ek#y0engy0150####ca 102 ## _aRU 200 1# _aTax security in the economic resilience system of the Republic of Tajikistan: theory, methodology, and practice _eJournal article 210 1# _aYaroslavl _cYaroslavl State Technical University _d2026 215 ## _a7 с. 608 ## _aJournal article _2local 700 #1 _aAlizoda _gOlimzhon Mahmud 856 4# _ajraic.com _u